Análisis de eficiencia de la planta de tratamiento de aguas negras en El Roble de Puntarenas
Guardado en:
| Hovedforfatter: | |
|---|---|
| Format: | Ukendt |
| Udgivet: |
[San José, Costa Rica]
1981
|
| Fag: | |
| Tags: |
Tilføj Tag
Ingen Tags, Vær først til at tagge denne postø!
|
MARC
| LEADER | 00000 a2200000 4500 | ||
|---|---|---|---|
| 003 | 001394 | ||
| 005 | 20221231143743.0 | ||
| 008 | 140114s1981 cr m 000 ||s d | ||
| 040 | |c cru CEDI | ||
| 090 | |a TFG 1038 | ||
| 100 | |a Montero Castro, Luis Eduardo |9 15901 | ||
| 245 | |a Análisis de eficiencia de la planta de tratamiento de aguas negras en El Roble de Puntarenas | ||
| 260 | |c 1981 |a [San José, Costa Rica] | ||
| 300 | |a 82 hojas : ilustraciones (algunas plegables) ; 28 cm | ||
| 500 | |a Proyecto de graduación (ingeniero civil)--Universidad de Costa Rica. Facultad de Ingeniería. Escuela de Ingeniería Civil | ||
| 650 | |x DISPOSICION DE AGUAS RESIDUALES - EL ROBLE (PUNTARENAS, COSTA RICA) |x ANALISIS DE AGUAS RESIDUALES |9 15902 | ||
| 942 | |c TFG | ||
| 999 | |c 11298 |d 11298 | ||
